00857nam a2200193 i 450000100060000000300090000600500170001500700030003200800410003510000310007624502600010726000410036730000200040860000410042870000290046985200240049899900170052295201240053955600ES-MaACL20240126171518.0t|030923s1912 fr ||||1| fre d1 aDescharmes, René.94385110aAutour de Flaubert b: études históriques et documentaires, suivies d'une biographie chronologique d'un essai bibliographique des ouvrages et articles relatifs à Flaubert et d'un index des noms cités / c[par] René Descharmes et René Dumesnil. aParis : bMercure de France, c1912. a2 v. ; c19 cm.14aFlaubert, Gustave,d1821-18809511341 aDumesnil, René.945998 aES-MaACLjD-1028-29 c55600d55600 00104070aATENEOMbATENEOMcSVId2008-01-17eSCl0oD-1028-29p901058412r2023-02-23 00:00:00w2023-02-23yMONOGRAFIA